El jardinero / (Record no. 128518)
[ view plain ]
| 000 -LEADER | |
|---|---|
| campo de control de longitud fija | 00709nam a2200205 i 4500 |
| 001 - NÚMERO DE CONTROL | |
| campo de control | 128518 |
| 003 - IDENTIFICADOR DE NÚMERO DE CONTROL | |
| campo de control | ES-MaACL |
| 005 - FECHA Y HORA DE LA ÚLTIMA TRANSACCIÓN | |
| campo de control | 20250719063314.0 |
| 007 - CAMPO FIJO DE DESCRIPCIÓN FÍSICA--INFORMACIÓN GENERAL | |
| campo de control de longitud fija | t| |
| 008 - DATOS DE LONGITUD FIJA--INFORMACIÓN GENERAL | |
| campo de control de longitud fija | 070516s1943 sp ||||1| spa d |
| 080 ## - NÚMERO DE LA CLASIFICACIÓN DECIMAL UNIVERSAL | |
| Número de la Clasificación Decimal Universal | 891.4-1"18/19"=6 |
| 100 1# - ENTRADA PRINCIPAL--NOMBRE DE PERSONA | |
| Nombre de persona | Tagore, Rabindranath, |
| Fechas asociadas al nombre | 1861-1941 |
| 9 (RLIN) | 109071 |
| 245 13 - MENCIÓN DEL TÍTULO | |
| Título | El jardinero / |
| Mención de responsabilidad, etc. | Rabindranath Tagore ; (traducción de Zenobia Campubrí Aymar y J.R.J.) ; con un poema de Juan Ramón Jiménez. |
| 260 ## - PUBLICACIÓN, DISTRIBUCIÓN, ETC. | |
| Lugar de publicación, distribución, etc. | Madrid : |
| Nombre del editor, distribuidor, etc. | [J. García], |
| Fecha de publicación, distribución, etc. | 1943. |
| 300 ## - DESCRIPCIÓN FÍSICA | |
| Extensión | 173 p. ; |
| Dimensiones | 21 cm. |
| 700 1# - ENTRADA AGREGADA--NOMBRE PERSONAL | |
| Nombre de persona | Camprubí de Jiménez, Zenobia. |
| 9 (RLIN) | 34307 |
| 700 1# - ENTRADA AGREGADA--NOMBRE PERSONAL | |
| Nombre de persona | Jiménez, Juan Ramón, |
| Fechas asociadas al nombre | 1881-1958 |
| 9 (RLIN) | 66417 |
| 852 ## - LOCALIZACIÓN | |
| Ubicación | ES-MaACL |
| Número de control de estantería | F-15741 |
| Sublocalización o colección | R.20167 |
| Estatus retirado | Estado de pérdida | Estado de daño | No para préstamo | Biblioteca de origen | Biblioteca actual | Ubicación en estantería | Fecha de adquisición | Fuente de adquisición | Total de préstamos | Signatura topográfica completa | Código de barras | Visto por última vez | Precio de reemplazo | Tipo de ítem Koha |
|---|---|---|---|---|---|---|---|---|---|---|---|---|---|---|
| Biblioteca del Ateneo de Madrid | Biblioteca del Ateneo de Madrid | Sala Pecera Planta 2 | 17/01/2008 | F-15741 | 1133847 | 23/02/2023 | 23/02/2023 | Libro impreso |
